China 100k Cities Most Frequent Hanzi - Statistics

General Stats
  • This quiz has been taken 44 times
  • The average score is 17 of 68
Answer Stats
Hint Answer % Correct
81
90%
68
90%
72 西
84%
88
81%
22
77%
54
65%
23
65%
47
55%
10
52%
9
48%
15
42%
11
42%
51
39%
14
39%
11
39%
23
35%
14 广
35%
14
35%
10
32%
31
29%
26
29%
12
29%
8
29%
8
29%
16
26%
12
26%
8
26%
49
23%
14
23%
12
23%
9
23%
56
19%
22
19%
12
19%
8
19%
30
16%
9
16%
62
13%
28
13%
24
13%
14
13%
13
13%
10
13%
10
13%
8
13%
8
13%
10
10%
10
10%
31
6%
23
6%
20
6%
17
6%
14
6%
14
6%
8
6%
8
6%
14
3%
11
3%
11
3%
11
3%
8
3%
25
0%
15
0%
12
0%
12
0%
9
0%
8
0%
8
0%
No matching quizzes found
Score Distribution
Percent of People with Each Score
Percentile by Number Answered
Your Score History
You have not taken this quiz